Tlmočnícky trh a kvalifikácia tlmočníka v podmienkach dlhovej krízy

Etický kódex tlmočníka/prekladateľa a jeho implementácia do praxe v podmienkach sociálne zodpovedného správania sa. Meniaca sa úloha tlmočníkov/prekladateľov v súčasnej spoločnosti. Konkurencia a požiadavky klientov.

Saved in:
Bibliographic Details
Main Author: Haláková, Jarmila
Other Authors: Matušovič, Martin
Format: Book Chapter
Language:English
Subjects:
Tags: Add Tag
No Tags, Be the first to tag this record!

MARC

LEADER 00000nla$a2200000$$$4500
001 0146980
005 20240502072644.7
041 0 |a eng 
044 |a SK 
245 1 0 |a Tlmočnícky trh a kvalifikácia tlmočníka v podmienkach dlhovej krízy  |c Jarmila Haláková, Martin Matušovič 
520 |a Etický kódex tlmočníka/prekladateľa a jeho implementácia do praxe v podmienkach sociálne zodpovedného správania sa. Meniaca sa úloha tlmočníkov/prekladateľov v súčasnej spoločnosti. Konkurencia a požiadavky klientov. 
610 2 0 |a tlmočníci 
610 2 0 |a prekladatelia 
610 2 0 |a kvalifikácia 
610 2 0 |a odbornosť 
610 2 0 |a kvalita 
610 2 0 |a profesiografia 
610 2 0 |a konkurencia 
610 2 0 |a kódexy etické 
100 1 |a Haláková, Jarmila 
700 1 |a Matušovič, Martin